| 000 | 00501cam a2200193 4500 | ||
|---|---|---|---|
| 008 | 090401t1986 xxu||||| |||| 00| 0 eng d | ||
| 020 | _a0132899191 | ||
| 035 | _a(Sirsi) u45008 | ||
| 041 | _aeng | ||
| 050 | _a692.5 | ||
| 100 | _aHornung, William J | ||
| 245 | _aEstimating building construction: quantity surveying | ||
| 250 | _a2nd ed. | ||
| 260 |
_aEnglewood Cliffs,N.J _bPrentice-Hall _c1986 |
||
| 300 | _axi, 308p. : ill. ; 24cm. | ||
| 350 | _a26.7 | ||
| 942 | _n0 | ||
| 948 | _c04/03/1997 | ||
| 999 |
_c91630 _d91630 |
||